|
|
|
|
| LEADER |
00000naa a2200000uu 4500 |
| 001 |
vtls011071899 |
| 003 |
SK-MaSNL |
| 005 |
20260302143329.0 |
| 008 |
210908|2003 xo |||||||||||||||||slo| |
| 015 |
|
|
|a SNBRA
|
| 035 |
|
|
|a (urnnbn)urn:nbn:sk:snk:ar-a0cb9c
|
| 035 |
|
|
|a (uuid)ee0d86f0-6250-4120-bb52-4bb5bf4177cd
|
| 035 |
|
|
|a urn:nbn:sk:snk-aavhiu
|
| 040 |
|
|
|a SNKBUCL
|b slo
|c SNKBUCL
|e AACR2
|
| 041 |
0 |
|
|a slo
|
| 044 |
|
|
|a xo
|c SK
|
| 100 |
1 |
|
|a Tomo, I.
|4 aut
|9 783730
|
| 245 |
1 |
0 |
|a Coffin - Lowryho syndróm u dvoch súrodencov
|c I. Tomo, E. Pagáčová, I. Tomo jun., S. Barteková-Tomová, S. Tomová
|
| 700 |
1 |
|
|a Pagáčová, E.
|4 aut
|9 783731
|
| 700 |
1 |
|
|a Barteková-Tomová, S.
|4 aut
|9 832841
|
| 700 |
1 |
|
|a Tomová, S.
|4 aut
|9 833240
|
| 700 |
1 |
|
|a Tomo, I. jun.
|4 aut
|9 788304
|
| 773 |
0 |
|
|t Biomedicínske štúdie
|d Bratislava : Slovenská biologická spoločnosť, 2003
|g S. 52-53
|z 8096831453
|z 8096841453
|
| 958 |
|
|
|a OND
|
| 958 |
|
|
|a article12
|
| 958 |
|
|
|a chapter
|
| 999 |
|
|
|c 1343886
|d 1345816
|